000 00387nab a2200133Ia 4500
003 ES-SlBCS
005 20210601124910.0
008 140529s1998 xxu||||| |||| 00| 0 eng d
041 _aeng
100 1 _aHawley, Katherine
_9151122
245 0 0 _aMerricks on Whether Being Conscious is Intrinsic
_c Katherine Hawley
773 0 _tMind
_gvol. 107, 1998, págs. 841-844
_wRev1408
942 _cAR
999 _c521341
_d521341